[Event "Felix Cup 22nd"]
[Site "Felix Spa"]
[Date "2007.05.26"]
[Round "2"]
[White "Ternar, Ion Adrian"]
[Black "Szallos, Nandor"]
[Result "0-1"]
[WhiteElo "1620"]
[BlackElo "2029"]
[PlyCount "104"]
[EventDate "2007.05.25"]
[EventType "swiss"]
[EventRounds "9"]
[EventCountry "ROU"]
[SourceTitle "CBM 118 Extra"]
[Source "ChessBase"]
[SourceDate "2007.07.04"]
[SourceVersion "1"]
[SourceVersionDate "2007.07.04"]
[SourceQuality "1"]

1. e4 e5 2. Nf3 Nc6 3. Bb5 a6 4. Bxc6 dxc6 5. d3 Bg4 6. Be3 Bd6 7. Qd2 Qe7 8. Nc3 Nf6 9. h3 Bh5 10. 0-0 Bxf3 11. gxf3 Nh5 12. Bg5 f6 13. Bh4 g5 14. Bg3 Bc5 15. Kh2 Rg8 16. Ne2 Rg6 17. Rh1 Rh6 18. Kg2 0-0-0 19. a3 Rg8 20. d4 Bd6 21. Rag1 Nf4+ 22. Bxf4 gxf4+ 23. Kf1 Rxg1+ 24. Nxg1 Qf7 25. d5 cxd5 26. Qxd5 Qxd5 27. exd5 b5 28. Ne2 Bc5 29. b4 Bb6 30. Nc3 Bd4 31. Nb1 Kd7 32. c3 Bb6 33. Kg2 Rg6+ 34. Kh2 Bxf2 35. Rd1 Be3 36. Nd2 Bxd2 37. Rxd2 Rg3 38. Rd3 f5 39. h4 e4 40. Rd4 Rxf3 41. Rd1 Rxc3 42. Kg2 Kd6 43. Rf1 Ke5 44. Rd1 h5 45. Rf1 f3+ 46. Kg3 f4+ 47. Kf2 Rc2+ 48. Kg1 Kf5 49. Rd1 e3 50. d6 cxd6 51. Rd5+ Kg4 52. Rd3 Kg3 0-1